00371nam a2200133Ia 4500008004100000100001700041245007300058250001200131260005000143300000800193650001200201942000700213999001700220190216s9999||||xx |||||||||||||| ||und|| aV.S Madhavan 0a"A Text Book Of Mechanics, Properties Of Matter ,relatyvity & Waves" a3rd Ed. bCalicut University Central Co-Operativec2005 a568 aPhysics cBK c34680d34680